Statistics for Flags of International Organisations

Click here to take the quiz!

General Stats

  • This quiz has been taken 296 times
  • The average score is 5 of 12

Answer Stats

Answer% Correct
United Nations
92%
NATO
88%
The Arab League
76%
African Union
68%
Commonwealth of Nations
38%
OPEC
38%
East African Community
33%
Caribbean Community
29%
Organization of American States
25%
Nordic Council
24%
Commonwealth of Independent States
20%
Organisation internationale de la Francophonie
13%

Score Distribution

Percentile by Number Answered

Percent of People with Each Score

Your Score History

You have not taken this quiz